[Event "RA-2020-0-00672"]
[Site "LSS email"]
[Date "2020.10.29"]
[Round "?"]
[White "Koronowski, Heinz Juergen"]
[Black "Rodriguez, Raul"]
[Result "1/2-1/2"]
[WhiteElo "2065"]
[BlackElo "2120"]
[PlyCount "85"]
[EventDate "2020.08.25"]
[EventType "tourn (corr)"]
[EventRounds "6"]
[EventCountry "GER"]
[SourceTitle "Corr 2022"]
[Source "ChessBase"]
[SourceDate "2021.10.24"]
[SourceVersion "1"]
[SourceVersionDate "2021.10.24"]
[SourceQuality "1"]

1. e4 e6 2. d4 d5 3. Nc3 Nf6 4. Bg5 Bb4 5. e5 h6 6. Bd2 Bxc3 7. bxc3 Ne4 8. Qg4 g6 9. Bd3 Nxd2 10. Kxd2 c5 11. h4 c4 12. Bf1 Nc6 13. h5 g5 14. f4 f5 15. exf6 e5 16. Qe2 gxf4 17. dxe5 Qb6 18. Kc1 Qa5 19. Kb2 Qb5+ 20. Kc1 Qa5 21. Kb2 Qb6+ 22. Kc1 Be6 23. Nf3 Qa5 24. Kb2 Qb6+ 25. Kc1 Qa5 26. Kb2 0-0-0 27. Qd2 Qb6+ 28. Kc1 Qc5 29. a4 d4 30. cxd4 Nxd4 31. Qc3 Nxf3 32. gxf3 Rd4 33. Rb1 Qxe5 34. Kb2 Qxf6 35. Re1 Bd7 36. Bxc4 Rd6 37. Qxf6 Rxf6 38. Bb5 Rg8 39. Re7 Bc6 40. Bxc6 Rxc6 41. Rh4 Rf6 42. Re4 Rg5 43. Rexf4 1/2-1/2

[Event "RA-2020-0-00672"]
[Site "LSS email"]
[Date "2020.10.28"]
[Round "?"]
[White "Koronowski, Heinz Juergen"]
[Black "Boni, Roberto"]
[Result "1-0"]
[WhiteElo "2065"]
[BlackElo "2186"]
[PlyCount "65"]
[EventDate "2020.08.25"]
[EventType "tourn (corr)"]
[EventRounds "6"]
[EventCountry "GER"]
[SourceTitle "Corr 2022"]
[Source "ChessBase"]
[SourceDate "2021.10.24"]
[SourceVersion "1"]
[SourceVersionDate "2021.10.24"]
[SourceQuality "1"]

1. e4 c5 2. Nc3 Nc6 3. f4 g6 4. Nf3 Bg7 5. Bb5 Nd4 6. 0-0 Nxb5 7. Nxb5 a6 8. Nc3 b5 9. d3 Bb7 10. Qe1 f5 11. Be3 Rc8 12. e5 Nh6 13. d4 cxd4 14. Bxd4 e6 15. Rd1 Nf7 16. Rd2 g5 17. Ne2 Rg8 18. Qg3 Bf8 19. Rfd1 Rg7 20. Qf2 gxf4 21. Nxf4 Ng5 22. Nxg5 Qxg5 23. c3 b4 24. cxb4 Bxb4 25. Rd3 Bf8 26. Qd2 Be4 27. Rg3 Qh4 28. Rh3 Qe7 29. Rc1 Rxc1+ 30. Qxc1 Bc6 31. Rc3 Qb4 32. Qd1 Ke7 33. Bc5+ 1-0

[Event "RA-2020-0-00672"]
[Site "LSS email"]
[Date "2020.10.27"]
[Round "?"]
[White "Koronowski, Heinz Juergen"]
[Black "Farnik, Kym"]
[Result "1/2-1/2"]
[WhiteElo "2065"]
[BlackElo "2103"]
[PlyCount "70"]
[EventDate "2020.08.25"]
[EventType "tourn (corr)"]
[EventRounds "6"]
[EventCountry "GER"]
[SourceTitle "Corr 2022"]
[Source "ChessBase"]
[SourceDate "2021.10.24"]
[SourceVersion "1"]
[SourceVersionDate "2021.10.24"]
[SourceQuality "1"]

1. e4 c5 2. Nc3 Nc6 3. f4 g6 4. Nf3 Bg7 5. Bb5 Nd4 6. 0-0 a6 7. Bd3 Nh6 8. Nxd4 cxd4 9. Ne2 d5 10. e5 f6 11. exf6 Bxf6 12. Kh1 0-0 13. b3 Bf5 14. Bb2 e5 15. Bxf5 Nxf5 16. g4 Nh4 17. g5 Bg7 18. Qe1 Nf5 19. fxe5 Re8 20. Nxd4 Rxe5 21. Qf2 Qe7 22. Qg1 Nxd4 23. Qxd4 Re8 24. Qd3 Rxg5 25. Bxg7 Kxg7 26. Rf2 Qe4+ 27. Qxe4 Rxe4 28. Raf1 b5 29. a3 h5 30. Rf8 Re7 31. h3 Rc7 32. R1f2 d4 33. Kh2 Rgc5 34. Rd8 Rxc2 35. Rxd4 Rf7 1/2-1/2

[Event "RA-2020-0-00664"]
[Site "LSS email"]
[Date "2020.06.28"]
[Round "?"]
[White "Koronowski, Heinz Juergen"]
[Black "Zholob, Anatolij"]
[Result "1/2-1/2"]
[WhiteElo "2041"]
[BlackElo "2057"]
[PlyCount "60"]
[EventDate "2020.03.31"]
[EventType "tourn (corr)"]
[EventRounds "6"]
[EventCountry "GER"]
[SourceTitle "Corr 2022"]
[Source "ChessBase"]
[SourceDate "2021.10.24"]
[SourceVersion "1"]
[SourceVersionDate "2021.10.24"]
[SourceQuality "1"]

1. e4 e5 2. Nf3 Nc6 3. d4 exd4 4. Nxd4 g6 5. Nc3 Bg7 6. Be3 Nf6 7. Nxc6 bxc6 8. e5 Ng8 9. f4 Ne7 10. Qf3 d6 11. 0-0-0 Be6 12. Bd4 0-0 13. exd6 cxd6 14. Bxg7 Kxg7 15. g4 Rb8 16. f5 gxf5 17. gxf5 Nxf5 18. Rg1+ Kh8 19. Bd3 Qf6 20. Bxf5 Qxf5 21. Qxf5 Bxf5 22. Rxd6 Rg8 23. Rf1 Rg6 24. Rd4 c5 25. Rc4 Bh3 26. Re1 Rg2 27. Rxc5 Rxh2 28. Nb5 Kg7 29. Nxa7 Ra8 30. Nc6 Rxa2 1/2-1/2

[Event "RA-2020-0-00656"]
[Site "LSS email"]
[Date "2020.01.12"]
[Round "?"]
[White "Koronowski, Heinz Juergen"]
[Black "Zholob, Anatolij"]
[Result "1/2-1/2"]
[WhiteElo "2046"]
[BlackElo "2083"]
[PlyCount "78"]
[EventDate "2019.12.16"]
[EventType "tourn (corr)"]
[EventRounds "6"]
[EventCountry "GER"]
[SourceTitle "Corr 2022"]
[Source "ChessBase"]
[SourceDate "2021.10.24"]
[SourceVersion "1"]
[SourceVersionDate "2021.10.24"]
[SourceQuality "1"]

1. e4 e5 2. Nf3 Nc6 3. d4 exd4 4. Nxd4 Nf6 5. Nxc6 bxc6 6. Bd3 d5 7. exd5 cxd5 8. 0-0 Be7 9. c4 0-0 10. cxd5 Nxd5 11. Qf3 Be6 12. Rd1 c6 13. Nc3 Qb6 14. Rb1 Rad8 15. h3 Rfe8 16. Bd2 h6 17. Be4 Bd6 18. b3 Bf8 19. Nxd5 Bxd5 20. Bxd5 cxd5 21. Rbc1 Bc5 22. b4 Bd4 23. a4 Re4 24. a5 Qe6 25. Rc7 Rc8 26. Rxc8+ Qxc8 27. Rc1 Qe6 28. Qd3 Qg6 29. Rd1 Qf6 30. Rf1 Qf5 31. Kh1 Be5 32. Be3 Bd6 33. Rd1 d4 34. Bd2 Qe5 35. f4 Qe6 36. Rf1 g5 37. fxg5 hxg5 38. Bxg5 Re1 39. Kg1 Rxf1+ 1/2-1/2

[Event "RB-2020-0-00384"]
[Site "LSS email"]
[Date "2020.01.07"]
[Round "?"]
[White "Koronowski, Heinz Juergen"]
[Black "Galje, Hans"]
[Result "1/2-1/2"]
[WhiteElo "2033"]
[BlackElo "2055"]
[PlyCount "101"]
[EventDate "2019.11.08"]
[EventType "tourn (corr)"]
[EventRounds "6"]
[EventCountry "GER"]
[SourceTitle "Corr 2022"]
[Source "ChessBase"]
[SourceDate "2021.10.24"]
[SourceVersion "1"]
[SourceVersionDate "2021.10.24"]
[SourceQuality "1"]

1. e4 e6 2. d4 d5 3. Nc3 Bb4 4. e5 Ne7 5. a3 Bxc3+ 6. bxc3 b6 7. Qg4 Ng6 8. h4 h5 9. Qg3 Ba6 10. Bxa6 Nxa6 11. Qd3 Nb8 12. Bg5 Qd7 13. Ne2 c5 14. 0-0 Nc6 15. Ng3 Rc8 16. f4 Nce7 17. f5 Nxf5 18. Nxf5 exf5 19. Rxf5 Qe6 20. Raf1 0-0 21. Bf6 cxd4 22. cxd4 gxf6 23. exf6 Rfe8 24. Rxh5 Qe4 25. Rg5 Kf8 26. g3 Rxc2 27. Qxe4 Rxe4 28. h5 Ree2 29. Rd1 Nh8 30. Rxd5 Ke8 31. a4 Re6 32. Rf1 a6 33. g4 Re4 34. Kh1 Rc4 35. Rd1 Rc6 36. g5 Rh4+ 37. Kg2 Rc8 38. Re1+ Kf8 39. Rh1 Rxh1 40. Kxh1 Rb8 41. Re5 b5 42. axb5 axb5 43. d5 b4 44. d6 b3 45. d7 b2 46. Re1 b1Q 47. d8Q+ Rxd8 48. Rxb1 Kg8 49. Kh2 Rd5 50. Rg1 Kh7 51. Kh3 1/2-1/2